| 000 | 00748cam a2200229 a 4500 | ||
|---|---|---|---|
| 001 | 12479792 | ||
| 005 | 20180307091432.0 | ||
| 008 | 010723s2002 njua b 001 0 eng | ||
| 010 | _a 2001036826 | ||
| 020 | _a0130339695 | ||
| 040 |
_aDLC _cDLC |
||
| 041 | _aeng | ||
| 080 | _a005.74 hof | ||
| 082 | 0 | 0 |
_a005.74 hof _221 |
| 100 | 1 | _a36 | |
| 101 | _ashk | ||
| 245 | 1 | 0 |
_aModern database management / _cJeffrey A. Hoffer, Mary B. Prescott, Fred R. McFadden. |
| 504 | _aIncludes bibliographical references and index. | ||
| 906 |
_a7 _bcbc _corignew _d1 _eocip _f20 _gy-gencatlg |
||
| 942 |
_2ddc _cBK |
||
| 999 |
_c44340 _d44340 |
||